Seattle Seahawks 2021 Roster - Statistics

General Stats
  • This quiz has been taken 95 times
  • The average score is 17 of 34
Answer Stats
Pos. Player % Correct
QB Russell Wilson
100%
WR DK Metcalf
97%
RB Chris Carson
93%
WR Tyler Lockett
93%
LB Bobby Wagner
89%
QB Geno Smith
89%
Coach Pete Carroll
79%
RB Rashaad Penny
79%
S Jamal Adams
75%
K Jason Myers
64%
S Quandre Diggs
64%
P Michael Dickson
60%
TE Will Dissly
60%
TE Gerald Everett
53%
WR Freddie Swain
51%
OT Duane Brown
49%
LB Jordyn Brooks
48%
RB Travis Homer
45%
WR D'Wayne Eskridge
43%
OG Gabe Jackson
41%
DE Carlos Dunlap
40%
CB DJ Reed
39%
DT Poona Ford
37%
CB Tre Flowers
35%
OG Damien Lewis
33%
C Ethan Pocic
29%
OT Brandon Shell
24%
CB Ahkello Witherspoon
21%
WR Cade Johnson
19%
DE Kerry Hyder
16%
LB Ben Burr-Kirven
11%
DT Bryan Mone
11%
CB Pierre Desir
3%
S Damarious Randall
1%
No matching quizzes found
Score Distribution
Percent of People with Each Score
Percentile by Number Answered
Your Score History
You have not taken this quiz